| 000 | 00739nam a2200205Ii 4500 | ||
|---|---|---|---|
| 003 | JO-AjNU | ||
| 008 | 230605s9999||||xx |||||||||||||| ||und|| | ||
| 040 |
_aJO-AjNU _bara _erda _cJO-AjNU |
||
| 041 | _aara | ||
| 050 | 1 | 4 | _aDT223.8.K4Q5 1998 |
| 100 | 3 |
_aالقشاط، محمد سعيد, _eauthor _97526 |
|
| 245 | 0 | 0 | _aجهاد الليبيين ضد فرنسا في الصحراء الكبرى 1854-1986 |
| 250 | _aط2 | ||
| 264 | 3 | 1 | _aقبرص، بيروت: دار الملتقى للطباعة والنشر،1998 |
| 300 | _a247ص | ||
| 336 |
_atext _btxt _2rdacontent |
||
| 337 |
_aunmediated _bn _2rdamedia |
||
| 338 |
_avolume _bnc _2rdacarrier |
||
| 650 | 4 |
_aليبيا- مقاومة الاحتلال الفرنسي-تاريخ _97527 |
|
| 999 |
_aA324 _c3892 _d3892 |
||